| 000 | 01038 a2200229 4500 | ||
|---|---|---|---|
| 001 | 28716 | ||
| 005 | 20260407155557.0 | ||
| 008 | 260407a2014 arg spa d | ||
| 003 | AR-UNSa-BCEJYS | ||
| 040 |
_aAR-UNSa-BCEJYS _bspa _cAR-UNSa-BCEJYS |
||
| 080 |
_a34 _xDerecho |
||
| 245 | 1 | 0 |
_aDerecho y derechos _pel estado de derecho en la era de la globalización |
| 020 | _a978-950-894-975-2 | ||
| 264 | 1 |
_aBuenos Aires : _bAD-HOC _c2014 |
|
| 300 |
_a438 p. _c23 cm. |
||
| 505 | _a1. El estado de derecho en la era de la globalización - 2. Albert Venn Dicey y la tradición del Common Law - 3. Rule of Law y "Libertad de los ingleses" en la teoría constitucional de Albert Venn Dicey - 4. Estado de derecho e interpretación. Para una concepción iusrealista y antiformalista del estado de derecho | ||
| 041 | _aspa | ||
| 942 | _cBK | ||
| 590 | _aniveau_biblio:m niveau_hierar:0 | ||
| 100 | 1 | _aSantoro, Emilio | |
| 856 | 4 | 1 |
_uhttps://biblioeco.unsa.edu.ar/pmb/images/libros/Derecho y Derechos-l125034.jpg _yImagen de portada _qimage/jpeg |
| 999 |
_c1734 _d1734 |
||